<?xml version="1.0" encoding="UTF-8"?>
<record
    xmlns:xsi="http://www.w3.org/2001/XMLSchema-instance"
    xsi:schemaLocation="http://www.loc.gov/MARC21/slim http://www.loc.gov/standards/marcxml/schema/MARC21slim.xsd"
    xmlns="http://www.loc.gov/MARC21/slim">

  <leader>01921nam a2200325 i 4500</leader>
  <controlfield tag="001">93367</controlfield>
  <controlfield tag="003">ES-MaACL</controlfield>
  <controlfield tag="005">20250824063036.0</controlfield>
  <controlfield tag="007">t|</controlfield>
  <controlfield tag="008">050524s2003    sp           ||||1| spa d</controlfield>
  <datafield tag="017" ind1=" " ind2=" ">
    <subfield code="a">M 48163-2003 </subfield>
    <subfield code="b">Oficina Dep&#xF3;sito Legal Madrid </subfield>
  </datafield>
  <datafield tag="020" ind1=" " ind2=" ">
    <subfield code="a">84-00-08165-X</subfield>
  </datafield>
  <datafield tag="024" ind1=" " ind2=" ">
    <subfield code="a">403-03-111-1</subfield>
    <subfield code="2">nipo </subfield>
  </datafield>
  <datafield tag="080" ind1=" " ind2=" ">
    <subfield code="a">(05)(460.235 B.)(091) </subfield>
  </datafield>
  <datafield tag="100" ind1="1" ind2=" ">
    <subfield code="a">Labajo, Mar&#xED;a Trinidad,</subfield>
    <subfield code="d">1968-</subfield>
    <subfield code="e">aut</subfield>
    <subfield code="9">69196</subfield>
  </datafield>
  <datafield tag="245" ind1="1" ind2="0">
    <subfield code="a">Lecturas / </subfield>
    <subfield code="c">M.&#xAA; Trinidad Labajo Gonz&#xE1;lez</subfield>
  </datafield>
  <datafield tag="260" ind1=" " ind2=" ">
    <subfield code="a">Madrid : </subfield>
    <subfield code="b">Consejo Superior de Investigaciones Cient&#xED;ficas, </subfield>
    <subfield code="c">2003</subfield>
  </datafield>
  <datafield tag="300" ind1=" " ind2=" ">
    <subfield code="a">407 p&#xE1;ginas ; </subfield>
    <subfield code="c">22 cm + </subfield>
    <subfield code="e">1 disco (CD-ROM)</subfield>
  </datafield>
  <datafield tag="490" ind1="1" ind2=" ">
    <subfield code="a">Colecci&#xF3;n Literatura breve (CSIC)</subfield>
    <subfield code="v">11</subfield>
    <subfield code="9">219539</subfield>
  </datafield>
  <datafield tag="500" ind1=" " ind2=" ">
    <subfield code="a">Basado en la tesis de la autora</subfield>
  </datafield>
  <datafield tag="504" ind1=" " ind2=" ">
    <subfield code="a">Bibliograf&#xED;a: p&#xE1;ginas [397]-407</subfield>
  </datafield>
  <datafield tag="520" ind1=" " ind2=" ">
    <subfield code="a">Estudio sobre una de las publicaciones m&#xE1;s importantes en el panorama cultural espa&#xF1;ol, la revista "Lecturas", que naci&#xF3; en 1921 como suplemento literario de "El Hogar y la moda". La obra explora diversas facetas de  "Lecturas", desde su origen, direcci&#xF3;n y orientaci&#xF3;n, hasta sus distintas secciones (cuento, novela, teatro, cinematograf&#xED;a) y los principales colaboradores, muchos de ellos destacados en literatura, historia o  arte. Se tratan en ella, adem&#xE1;s, otros aspectos relacionados con la sociolog&#xED;a del acto comunicativo, entre los que destacan el estado cultural, las colaboraciones educativas o los tipos de receptores. La obra se acompa&#xF1;a de una bibliograf&#xED;a, donde el lector podr&#xE1; consultar los &#xED;ndices y contenidos de esta revista</subfield>
  </datafield>
  <datafield tag="630" ind1=" " ind2="0">
    <subfield code="a">Lecturas (Barcelona)- </subfield>
    <subfield code="v">Historia</subfield>
    <subfield code="9">241990</subfield>
  </datafield>
  <datafield tag="710" ind1="2" ind2=" ">
    <subfield code="a">Consejo Superior de Investigaciones Cient&#xED;ficas</subfield>
    <subfield code="e">edt</subfield>
    <subfield code="9">241991</subfield>
  </datafield>
  <datafield tag="830" ind1=" " ind2="0">
    <subfield code="a">Colecci&#xF3;n Literatura breve (CSIC)</subfield>
    <subfield code="v">11</subfield>
    <subfield code="9">219539</subfield>
  </datafield>
  <datafield tag="852" ind1="4" ind2=" ">
    <subfield code="a">ES-MaACL</subfield>
    <subfield code="b">R.135416</subfield>
    <subfield code="c">DEPO2</subfield>
    <subfield code="j">L-29113 </subfield>
  </datafield>
  <datafield tag="942" ind1=" " ind2=" ">
    <subfield code="2">udc</subfield>
    <subfield code="c">MONOGRAFIA</subfield>
    <subfield code="n">0</subfield>
  </datafield>
  <datafield tag="999" ind1=" " ind2=" ">
    <subfield code="c">93367</subfield>
    <subfield code="d">93367</subfield>
  </datafield>
  <datafield tag="952" ind1=" " ind2=" ">
    <subfield code="0">0</subfield>
    <subfield code="1">0</subfield>
    <subfield code="4">0</subfield>
    <subfield code="7">0</subfield>
    <subfield code="a">ATENEOM</subfield>
    <subfield code="b">ATENEOM</subfield>
    <subfield code="c">DEPO2</subfield>
    <subfield code="d">2008-01-17</subfield>
    <subfield code="e">SC</subfield>
    <subfield code="l">0</subfield>
    <subfield code="o">L-29113</subfield>
    <subfield code="p">1097460</subfield>
    <subfield code="r">2023-02-23 00:00:00</subfield>
    <subfield code="w">2023-02-23</subfield>
    <subfield code="y">MONOGRAFIA</subfield>
  </datafield>
</record>
